Statistics for All FIFA World Cup Final Winners

Click here to take the quiz!

General Stats

  • This quiz has been taken 80 times
  • The average score is 22 of 22

Answer Stats

YearWinnersScoreRunners-upHost Countr(y/ies)% Correct
1978 (AET)Argentina3–1NetherlandsArgentina
99%
1986Argentina (2)3–2West GermanyMexico
99%
2022 (p)Argentina (3)*3–3FranceQatar
99%
1998France3–0BrazilFrance
99%
2018France (2)4–2CroatiaRussia
99%
2014 (AET)Germany (4)1–0ArgentinaBrazil
99%
1954West Germany3–2HungarySwitzerland
99%
1974West Germany (2)2–1NetherlandsWest Germany
99%
1990West Germany (3)1–0ArgentinaItaly
99%
1958Brazil5–2SwedenSweden
97%
1962Brazil (2)3–1CzechoslovakiaChile
97%
1970Brazil (3)4–1ItalyMexico
97%
1994 (p)Brazil (4)*0–0ItalyUnited States
97%
2002Brazil (5)2–0GermanySouth Korea & Japan
97%
1966 (AET)England4–2West GermanyEngland
97%
1934 (AET)Italy2–1CzechoslovakiaItaly
97%
1938Italy (2)4–2HungaryFrance
97%
1982Italy (3)3–1West GermanySpain
97%
2006 (p)Italy (4)*1–1FranceGermany
97%
1930Uruguay4–2ArgentinaUruguay
97%
1950 (g)Uruguay (2)2–1BrazilBrazil
97%
2010 (AET)Spain1–0NetherlandsSouth Africa
96%

Score Distribution

Percentile by Number Answered

Percent of People with Each Score

Your Score History

You have not taken this quiz